00209nam a2200085Ia 4500008004100000100002000041245002100061260003300082300000800115170620s9999 xx 000 0 und d aParasar- Ashish 0aComputer Shiksha bAgra; Radha Prakashan Mandir a120